US State Deduction Puzzle - Statistics

General Stats
  • This quiz has been taken 35 times
  • The average score is 6 of 6
Answer Stats
Answer % Correct
Maine
97%
Connecticut
93%
New Hampshire
93%
Rhode Island
93%
Vermont
90%
Massachusetts
86%
No matching quizzes found
Score Distribution
Percent of People with Each Score
Percentile by Number Answered
Your Score History
You have not taken this quiz